000 01082nam a2200253Ia 4500
003 OSt
005 20220923211300.0
006 a|||||r|||| 00| 0
007 ta
008 220922b |||||||| |||| 00| 0 hin d
020 _a9788179171240 (hbk)
_c1050
024 _a242,669
037 _b190, 11/09/2010, Eastern Book Linkers
_cTextual
040 _aARTS
_cARTS
_bhin
041 _2hin
_ahin
082 _aV5.M, 152P9
100 _aसिन्हा, अरविंद; तरूण कुमार, अनु.
_9160149
245 0 _aसंक्रांतिकालीन यूरोप
_b सामंतवाद से औद्योगिक क्रांति तक
246 _aSankrāantikālīn yūropa: sāhintavād se audyogik krāanti taka
260 _aदिल्ली
_b ग्रंथ शिल्पी
_c2009
300 _a686पृ.
_ccm.
942 _hV5.M, 152P9
_cTEXL
_2CC
999 _c298113
_d298113